<?xml version="1.0" encoding="UTF-8"?><?xml-stylesheet type="text/xsl" href="static/style.xsl"?><OAI-PMH xmlns="http://www.openarchives.org/OAI/2.0/" xmlns:xsi="http://www.w3.org/2001/XMLSchema-instance" xsi:schemaLocation="http://www.openarchives.org/OAI/2.0/ http://www.openarchives.org/OAI/2.0/OAI-PMH.xsd"><responseDate>2026-04-14T02:53:54Z</responseDate><request verb="GetRecord" identifier="oai:www.recercat.cat:2072/534083" metadataPrefix="marc">https://recercat.cat/oai/request</request><GetRecord><record><header><identifier>oai:recercat.cat:2072/534083</identifier><datestamp>2024-12-23T14:53:16Z</datestamp><setSpec>com_2072_352787</setSpec><setSpec>com_2072_351515</setSpec><setSpec>com_2072_1741</setSpec><setSpec>col_2072_352789</setSpec></header><metadata><record xmlns="http://www.loc.gov/MARC21/slim" xmlns:dcterms="http://purl.org/dc/terms/" xmlns:xsi="http://www.w3.org/2001/XMLSchema-instance" xmlns:doc="http://www.lyncode.com/xoai" xsi:schemaLocation="http://www.loc.gov/MARC21/slim http://www.loc.gov/standards/marcxml/schema/MARC21slim.xsd">
   <leader>00925njm 22002777a 4500</leader>
   <datafield ind2=" " ind1=" " tag="042">
      <subfield code="a">dc</subfield>
   </datafield>
   <datafield ind2=" " ind1=" " tag="720">
      <subfield code="a">Halupka, Lucyna</subfield>
      <subfield code="e">author</subfield>
   </datafield>
   <datafield ind2=" " ind1=" " tag="720">
      <subfield code="a">Senar, Juan Carlos</subfield>
      <subfield code="e">author</subfield>
   </datafield>
   <datafield ind2=" " ind1=" " tag="720">
      <subfield code="a">Halupk, Konrad</subfield>
      <subfield code="e">author</subfield>
   </datafield>
   <datafield ind2=" " ind1=" " tag="260">
      <subfield code="c">2023-03-22</subfield>
   </datafield>
   <datafield ind2=" " ind1=" " tag="520">
      <subfield code="a">Climate change affects timing of reproduction in many bird species, but few studies
have investigated its influence on annual reproductive output. Here, we assess
changes in the annual production of young by female breeders in 201 populations
of 104 bird species (N = 745,962 clutches) covering all continents between 1970
and 2019. Overall, average offspring production has declined in recent decades,
but considerable differences were found among species and populations. A total of
56.7% of populations showed a declining trend in offspring production (significant
in 17.4%), whereas 43.3% exhibited an increase (significant in 10.4%). The results
show that climatic changes affect offspring production through compounded effects
on ecological and life history traits of species. Migratory and larger-bodied species
experienced reduced offspring production with increasing temperatures during the
chick-rearing period, whereas smaller-bodied, sedentary species tended to produce
more offspring. Likewise, multi-brooded species showed increased breeding success
with increasing temperatures, whereas rising temperatures were unrelated to reproductive
success in single-brooded species. Our study suggests that rapid declines in
size of bird populations reported by many studies from different parts of the world
are driven only to a small degree by changes in the production of young.</subfield>
   </datafield>
   <datafield ind1="8" ind2=" " tag="024">
      <subfield code="a">http://hdl.handle.net/2072/534083</subfield>
   </datafield>
   <datafield ind1="8" ind2=" " tag="024">
      <subfield code="a">https://doi.org/10.1073/pnas.2208389120</subfield>
   </datafield>
   <datafield ind2="0" ind1="0" tag="245">
      <subfield code="a">The effect of climate change on avian offspring production: a global meta-analysis</subfield>
   </datafield>
</record></metadata></record></GetRecord></OAI-PMH>